| Registos Bibliográficos associados ao registo de autoridade |
|
Etiqueta de registo: 00230nam 2200025 450 001 2287652 003 http://id.bnportugal.gov.pt/bib/catbnp/2287652 010 ## $a978-989-9275-82-9 021 ## $aPT$b558151/25 100 ## $a20260609d2025 m y0pory01030103ba 101 0# $apor 102 ## $aPT 105 ## $ay z 000yy 106 ## $ar 200 1# $aRetórica, literatura, cultura$fed. José António Domingues, José Gomes Pinto$gautores António Amaral... [et al.] 205 ## $a1ª ed 210 #9 $aVila Nova de Famalicão$cHúmus,$d2025 215 ## $a254 p.$d23 cm 701 #1 $911$aAmaral,$bAntónio$4070$32000264 702 #1 $aDomingues,$bJosé António$4340$31266373 702 #1 $aPinto,$bJosé Gomes,$f1972-$4340$31146278 801 #0 $aPT$bBN$gRPC 966 ## $lBN$mFGMON$x1 966 ## $lBN$mFGMON$x1 971 ## $corlando$d20260609
|
|
|